Movies Quiz

Random Movies or Letter Quiz

The 'B' Movies Quiz Stats

Quiz Updated Jul 27, 2016

Challenge
Share
Tweet
Score 0/24 Timer 08:00
5 Plays Today
% Correct
The Breakfast Club
94.6%
The Blues Brothers
86.7%
The Big Lebowski
82.1%
The Blair Witch Project
79%
The BFG
77.8%
The Break-Up
74.7%
The Blind Side
73.6%
The Bucket List
72%
The Bad News Bears
66.1%
The Birds
65.9%
The Bodyguard
59.6%
The Birdcage
55.7%
% Correct
The Bridge on the River Kwai
49.3%
The Book of Eli
47.1%
The Bridges of Madison County
46.9%
The Beach
46%
The Big Short
41.6%
The Basketball Diaries
41%
The Boxtrolls
40.7%
The Bone Collector
40.5%
The Boondock Saints
36.7%
The Butterfly Effect
30.6%
The 'Burbs
29.9%
The Best Exotic Marigold Hotel
27.9%

You're not logged in!

Compare scores with friends on all Sporcle quizzes.
Sign Up with Email
OR
Log In

You Might Also Like...

Show Comments

Extras

Top Quizzes Today


Score Distribution

Your Account Isn't Verified!

In order to create a playlist on Sporcle, you need to verify the email address you used during registration. Go to your Sporcle Settings to finish the process.